| 000 -LEADER |
| fixed length control field |
00599nam a22001697a 4500 |
| 005 - DATE AND TIME OF LATEST TRANSACTION |
| control field |
20240319150234.0 |
| 008 - FIXED-LENGTH DATA ELEMENTS--GENERAL INFORMATION |
| fixed length control field |
240319s1971 ru ||||| |||| 00| 0 rus d |
| 041 ## - LANGUAGE CODE |
| Language code of text/sound track or separate title |
rus |
| 080 ## - UNIVERSAL DECIMAL CLASSIFICATION NUMBER |
| Universal Decimal Classification number |
902.01 X-15 |
| 100 ## - MAIN ENTRY--PERSONAL NAME |
| Personal name |
Хазанов, А. М. |
| 9 (RLIN) |
21472 |
| 245 ## - TITLE STATEMENT |
| Title |
Очерки военного дела сарматов / |
| Statement of responsibility, etc. |
А.М. Хазанов. |
| 264 ## - PRODUCTION, PUBLICATION, DISTRIBUTION, MANUFACTURE, AND COPYRIGHT NOTICE |
| Place of production, publication, distribution, manufacture |
М.: |
| Name of producer, publisher, distributor, manufacturer |
Наука, |
| Date of production, publication, distribution, manufacture, or copyright notice |
1971. |
| 300 ## - PHYSICAL DESCRIPTION |
| Extent |
172 с. ; |
| Other physical details |
26 см. |
| 653 ## - INDEX TERM--UNCONTROLLED |
| keyword |
ნარკვევები სარმატის სამხედრო საკითხებზე |
| 653 ## - INDEX TERM--UNCONTROLLED |
| keyword |
ისტორია |
| 942 ## - ADDED ENTRY ELEMENTS (KOHA) |
| Source of classification or shelving scheme |
|
| Koha item type |
წიგნი |